[Event "GER Seniors Derby 06th"]
[Site "Wesel Undeloh"]
[Date "2007.04.15"]
[Round "7.7"]
[White "Fitzke, Ulrich"]
[Black "Schmitt, Hans Juergen"]
[Result "1-0"]
[WhiteElo "1821"]
[BlackElo "1822"]
[PlyCount "121"]
[EventDate "2007.04.12"]
[EventType "swiss"]
[EventRounds "7"]
[EventCountry "GER"]
[SourceTitle "EXT 2022"]
[Source "ChessBase"]
[SourceDate "2021.10.06"]
[SourceVersion "1"]
[SourceVersionDate "2021.10.06"]
[SourceQuality "1"]

1. d4 d5 2. c4 c6 3. cxd5 cxd5 4. Nc3 Nf6 5. Nf3 g6 6. Bg5 Bg7 7. Qd2 h6 8. Bh4 0-0 9. e3 Bf5 10. Bd3 Ne4 11. Qc2 Nc6 12. a3 Rc8 13. 0-0 Na5 14. Nd2 Nxc3 15. bxc3 Bxd3 16. Qxd3 Nc4 17. Rfb1 Nxd2 18. Qxd2 b6 19. Qd3 Qc7 20. Qa6 f6 21. h3 Rf7 22. a4 e5 23. a5 bxa5 24. Qxa5 Qxa5 25. Rxa5 Rxc3 26. dxe5 fxe5 27. Rxd5 g5 28. Bg3 Rc2 29. f3 Re7 30. e4 Rc6 31. Ra1 a6 32. Raa5 Rce6 33. Be1 Rc6 34. Bg3 Rce6 35. Kf2 Kf7 36. Ke3 Kf6 37. h4 Re8 38. hxg5+ hxg5 39. Rd7 Bf8 40. Ra7 Bb4 41. Rd5 a5 42. Rc7 R8e7 43. Rxe7 Rxe7 44. Kd3 Re6 45. Kc4 Rc6+ 46. Kb5 Re6 47. Bf2 Re8 48. Be3 Rb8+ 49. Ka4 Bc3 50. Rd6+ Ke7 51. Bc5 Kf7 52. Bb6 Ra8 53. Rd8 Rxd8 54. Bxd8 g4 55. fxg4 Kg6 56. Bxa5 Bxa5 57. Kxa5 Kg5 58. Kb5 Kxg4 59. Kc5 Kg3 60. Kd6 Kf4 61. Kd5 1-0

[Event "GER Seniors Derby 06th"]
[Site "Wesel Undeloh"]
[Date "2007.04.14"]
[Round "4.3"]
[White "Schmitt, Hans Juergen"]
[Black "Stelzer, Wolfgang"]
[Result "1/2-1/2"]
[WhiteElo "1822"]
[BlackElo "1820"]
[PlyCount "30"]
[EventDate "2007.04.12"]
[EventType "swiss"]
[EventRounds "7"]
[EventCountry "GER"]
[SourceTitle "EXT 2022"]
[Source "ChessBase"]
[SourceDate "2021.10.06"]
[SourceVersion "1"]
[SourceVersionDate "2021.10.06"]
[SourceQuality "1"]

1. d4 d5 2. c4 c6 3. e3 Nf6 4. Nf3 e6 5. Nc3 Be7 6. Be2 0-0 7. 0-0 Nbd7 8. Qc2 Qc7 9. Bd2 Bd6 10. h3 e5 11. dxe5 Nxe5 12. cxd5 cxd5 13. Nxe5 Bxe5 14. Rac1 Qe7 15. Bf3 Be6 1/2-1/2

[Event "GER Seniors Derby 06th"]
[Site "Wesel Undeloh"]
[Date "2007.04.13"]
[Round "3.1"]
[White "Behling, Robert"]
[Black "Schmitt, Hans Juergen"]
[Result "1/2-1/2"]
[WhiteElo "2145"]
[BlackElo "1822"]
[PlyCount "70"]
[EventDate "2007.04.12"]
[EventType "swiss"]
[EventRounds "7"]
[EventCountry "GER"]
[SourceTitle "EXT 2022"]
[Source "ChessBase"]
[SourceDate "2021.10.06"]
[SourceVersion "1"]
[SourceVersionDate "2021.10.06"]
[SourceQuality "1"]

1. c4 c5 2. Nc3 Nc6 3. Nf3 Nf6 4. e3 e5 5. d4 exd4 6. exd4 cxd4 7. Nxd4 Be7 8. Nf5 0-0 9. Nxe7+ Qxe7+ 10. Be2 Ne4 11. 0-0 Nxc3 12. bxc3 Re8 13. Re1 b6 14. Bf4 Bb7 15. Qd2 Ne5 16. Bxe5 Qxe5 17. Bg4 Qc7 18. Qxd7 Qc6 19. Rxe8+ Rxe8 20. Qxc6 Bxc6 21. Kf1 Kf8 22. Rd1 Ke7 23. g3 f6 24. Rd4 Rd8 25. Ke2 g6 26. Ke3 f5 27. Be2 Rd6 28. h4 Re6+ 29. Kd2 Re5 30. Bd1 Ra5 31. Bb3 Rc5 32. Rd3 a5 33. Rd4 Re5 34. a3 Rc5 35. Bd1 Re5 1/2-1/2

[Event "Saarland-ch D"]
[Site "Saarlouis Steinrausch"]
[Date "2005.03.20"]
[Round "3"]
[White "Kircher, Yves"]
[Black "Schmitt, Hans Juergen"]
[Result "0-1"]
[WhiteElo "1112"]
[BlackElo "1275"]
[PlyCount "90"]
[EventDate "2005.03.18"]
[EventType "swiss"]
[EventRounds "9"]
[EventCountry "GER"]
[SourceTitle "EXT 2012"]
[Source "ChessBase"]
[SourceDate "2011.11.24"]
[SourceVersion "1"]
[SourceVersionDate "2011.11.24"]
[SourceQuality "1"]

1. e4 b6 2. b3 Bb7 3. Nc3 Nf6 4. e5 Nd5 5. Nxd5 Bxd5 6. Nf3 Nc6 7. Bb2 e6 8. Bb5 Bxf3 9. Qxf3 Nb4 10. Bd3 Bc5 11. a3 Nxd3+ 12. Qxd3 0-0 13. b4 Be7 14. 0-0 d6 15. Rad1 d5 16. c4 c6 17. cxd5 cxd5 18. Rc1 Rc8 19. Rxc8 Qxc8 20. Qc3 Qb7 21. Rc1 Bg5 22. Qg3 h6 23. f4 Bd8 24. Qc3 b5 25. Qc8 Bb6+ 26. Qc5 Bxc5+ 27. bxc5 f6 28. g3 fxe5 29. Bxe5 Qa6 30. c6 Qxa3 31. Rc3 Qa1+ 32. Kg2 Qb2 33. c7 Qxd2+ 34. Kf3 Rc8 35. Rc6 Qd3+ 36. Kg4 Qe2+ 37. Kh4 Qxh2+ 38. Kg4 Qe2+ 39. Kh4 h5 40. Kh3 Qf1+ 41. Kh4 g6 42. Rxe6 Rxc7 43. Rxg6+ Kh7 44. Kxh5 Qh3+ 45. Kg5 Qxg3+ 0-1